Atomic and nuclear physics (Record no. 35245)

MARC details
000 -LEADER
fixed length control field 00470nam a2200133 a 4500
008 - FIXED-LENGTH DATA ELEMENTS--GENERAL INFORMATION
fixed length control field 120416s1968 ||||||||||||||||| || u
050 ## - LIBRARY OF CONGRESS CALL NUMBER
Classification number QC 171 Lit
100 ## - MAIN ENTRY--PERSONAL NAME
Personal name Littlefield, T. A
245 10 - TITLE STATEMENT
Title Atomic and nuclear physics
260 ## - PUBLICATION, DISTRIBUTION, ETC.
Place of publication, distribution, etc. London
Name of publisher, distributor, etc. D. Van Nostrand
Date of publication, distribution, etc. 1968
300 ## - PHYSICAL DESCRIPTION
Extent viii, 476p. : ill
350 ## - PRICE (NR) (BK AM CF MU VM SE) [OBSOLETE]
Price 0.00
995 ## - RECOMMENDATION 995 [LOCAL, UNIMARC FRANCE]
-- 0.00
-- CBU-MAIN LIBRARY (Kitwe)
-- 1
-- 4.25
-- AVAILABLE
-- Annex Low-Usage Collection
Holdings
Withdrawn status Lost status Source of classification or shelving scheme Damaged status Not for loan Home library Current library Shelving location Date acquired Total Checkouts Full call number Barcode Date last seen Price effective from Koha item type
          CBU-MAIN LIBRARY, KITWE. CBU-MAIN LIBRARY, KITWE.   11/30/2022   QC 171 Lit 012759 11/30/2022 11/30/2022 MONOGRAPH